[Event "ROM Supercup"]
[Site "Romania"]
[Date "2001.??.??"]
[Round "?"]
[White "Manciu, Nicolae"]
[Black "Florescu, Petru"]
[Result "0-1"]
[WhiteElo "2130"]
[BlackElo "2165"]
[PlyCount "74"]
[EventDate "2001.??.??"]
[EventType "tourn"]
[EventRounds "11"]
[EventCountry "ROU"]
[SourceTitle "EXT 2008"]
[Source "ChessBase"]
[SourceDate "2007.11.25"]
[SourceVersion "1"]
[SourceVersionDate "2007.11.25"]
[SourceQuality "1"]

1. e4 c5 2. Nc3 Nc6 3. g3 g6 4. Bg2 Bg7 5. d3 e6 6. h4 d6 7. Nh3 Nd4 8. Be3 Qa5 9. Qd2 Rb8 10. 0-0 b5 11. a4 b4 12. Bxd4 cxd4 13. Nb5 Ke7 14. f4 Qb6 15. e5 dxe5 16. fxe5 Bxe5 17. Qxb4+ Ke8 18. Qe1 f6 19. Ng5 Ne7 20. Bh3 Nd5 21. Nf3 Ne3 22. Nxe5 fxe5 23. Rf2 Rf8 24. Rxf8+ Kxf8 25. Qb4+ Ke8 26. Nd6+ Kd7 27. Qxb6 Rxb6 28. Nxc8 Kxc8 29. b3 Kd7 30. Rc1 Rc6 31. Kf2 Rxc2+ 32. Rxc2 Nxc2 33. Kf3 a5 34. h5 gxh5 35. Ke4 Kd6 36. Bf1 Na1 37. Be2 Nxb3 0-1